| 000 | 00547nam a22001937a 4500 | ||
|---|---|---|---|
| 999 |
_c190243 _d190243 |
||
| 005 | 20220721105934.0 | ||
| 010 | _aENG-133752 | ||
| 020 |
_a9788170546153 _c300.00 |
||
| 035 | _aEN-117284 | ||
| 037 | _bDBAD/PUB | ||
| 082 | _aS | ||
| 100 | _aMohapatra, Loknath | ||
| 245 |
_aThe dare-devil and other short stories / _cby Loknath Mohapatra |
||
| 250 | _a | ||
| 260 |
_aNew Delhi _bClassical Publishing Company _c2012 |
||
| 270 |
_a28, Shopping Centre, Karampura _bNew Delhi _e110015 |
||
| 300 |
_a112p. _c22cm(Hb) |
||
| 942 |
_2ddc _cEN _hS _mMOH |
||